| 000 | 00564nam a22002177a 4500 | ||
|---|---|---|---|
| 003 | OSt | ||
| 005 | 20260319161541.0 | ||
| 008 | 260319b |||||||| |||| 00| 0 eng d | ||
| 020 | _a81-7130-009-X | ||
| 040 | _cSBCL | ||
| 082 |
_a894.8123 _bBAS-B |
||
| 100 | _aBasheer,Vaikom Muhammad | ||
| 245 | _aBalyakalasakhi | ||
| 250 | _a76th ed. | ||
| 260 |
_aKottayam _bDC Books _c2025 |
||
| 300 | _a128p. | ||
| 630 | _xLiterature & rhetoric | ||
| 650 | _aLiteratures of other languages | ||
| 650 | _aAltaic, Uralic, Hyperborean & Dravidian | ||
| 942 | _cBOOK | ||
| 999 |
_c137815 _d137815 |
||